<?xml version="1.0" encoding="UTF-8"?>
<collection xmlns="http://www.loc.gov/MARC21/slim">
<record>
  <controlfield tag="001">112175</controlfield>
  <controlfield tag="005">20220503133918.0</controlfield>
  <datafield tag="024" ind1="7" ind2=" ">
    <subfield code="2">doi</subfield>
    <subfield code="a">10.33349/2018.0.4197</subfield>
  </datafield>
  <datafield tag="024" ind1="8" ind2=" ">
    <subfield code="2">sideral</subfield>
    <subfield code="a">128299</subfield>
  </datafield>
  <datafield tag="037" ind1=" " ind2=" ">
    <subfield code="a">ART-2018-128299</subfield>
  </datafield>
  <datafield tag="041" ind1=" " ind2=" ">
    <subfield code="a">spa</subfield>
  </datafield>
  <datafield tag="100" ind1=" " ind2=" ">
    <subfield code="a">Molina, E.</subfield>
  </datafield>
  <datafield tag="245" ind1=" " ind2=" ">
    <subfield code="a">Principales yacimientos marinos de interés para el patrimonio paleontológico en la Península Ibérica e Islas Baleares</subfield>
  </datafield>
  <datafield tag="260" ind1=" " ind2=" ">
    <subfield code="c">2018</subfield>
  </datafield>
  <datafield tag="520" ind1="3" ind2=" ">
    <subfield code="a">Se describen los principales yacimientos marinos de interés para el patrimonio paleontológico situados en la Península Ibérica y en las islas Baleares. Estos yacimientos son relevantes principalmente por distintas razones, unos por haber servido para la definición de estratotipos de pisos o de límites, otros por su excelente registro fósil que ha permitido definir nuevas especies; así como otros por su buen desarrollo estratigráfico que ha permitido realizar estudios de alta resolución sobre distintos eventos de extinción y evolución. Muchos de estos yacimientos han sido protegidos por su gran interés patrimonial. Las secciones más relevantes del Paleozoico son: Murero, Río Luna, Arnao, Cabañeros, Checa, Sierra Norte de Sevilla, Demués y Las Llacerías. Las secciones más relevantes del Mesozoico son: Sierra de Lúgar, Agua Larga, Cúber, Fuentelsaz, Puerto Escaño, Cañada Luenga, Río Argos, Organyà y Olazagutía. Las secciones más relevantes del Cenozoico son: Caravaca, Zumaya, Ilerdiense, Arguis, Gorrondatxe, Fuente Caldera, Navazuelo, Sorbas-Níjar, Casa del Pino, Andaluciense y Estepona-San Pedro.</subfield>
  </datafield>
  <datafield tag="506" ind1="0" ind2=" ">
    <subfield code="a">Access copy available to the general public</subfield>
    <subfield code="f">Unrestricted</subfield>
  </datafield>
  <datafield tag="536" ind1=" " ind2=" ">
    <subfield code="9">info:eu-repo/grantAgreement/ES/MINECO/CGL2014-52546-P</subfield>
    <subfield code="9">info:eu-repo/grantAgreement/ES/MINECO/CGL2014-58794-P</subfield>
    <subfield code="9">info:eu-repo/grantAgreement/ES/MINECO/CGL2015-68459-P</subfield>
  </datafield>
  <datafield tag="540" ind1=" " ind2=" ">
    <subfield code="9">info:eu-repo/semantics/openAccess</subfield>
    <subfield code="a">by-nc-nd</subfield>
    <subfield code="u">http://creativecommons.org/licenses/by-nc-nd/3.0/es/</subfield>
  </datafield>
  <datafield tag="655" ind1=" " ind2="4">
    <subfield code="a">info:eu-repo/semantics/article</subfield>
    <subfield code="v">info:eu-repo/semantics/publishedVersion</subfield>
  </datafield>
  <datafield tag="700" ind1=" " ind2=" ">
    <subfield code="a">Compani, M.</subfield>
  </datafield>
  <datafield tag="700" ind1=" " ind2=" ">
    <subfield code="a">Dies Álvarez, M. E.</subfield>
    <subfield code="u">Universidad de Zaragoza</subfield>
    <subfield code="0">(orcid)0000-0002-6594-3021</subfield>
  </datafield>
  <datafield tag="700" ind1=" " ind2=" ">
    <subfield code="a">Sandoval, J.</subfield>
  </datafield>
  <datafield tag="700" ind1=" " ind2=" ">
    <subfield code="a">Sierro, F. J.</subfield>
  </datafield>
  <datafield tag="710" ind1="2" ind2=" ">
    <subfield code="1">2001</subfield>
    <subfield code="2">205</subfield>
    <subfield code="a">Universidad de Zaragoza</subfield>
    <subfield code="b">Dpto. Didáctica Cienc. Experi.</subfield>
    <subfield code="c">Área Didáctica Ciencias Exper.</subfield>
  </datafield>
  <datafield tag="773" ind1=" " ind2=" ">
    <subfield code="g">94 (2018), 64-115</subfield>
    <subfield code="p">PH</subfield>
    <subfield code="t">PH</subfield>
    <subfield code="x">2340-7565</subfield>
  </datafield>
  <datafield tag="856" ind1="4" ind2=" ">
    <subfield code="s">7873105</subfield>
    <subfield code="u">http://zaguan.unizar.es/record/112175/files/texto_completo.pdf</subfield>
    <subfield code="y">Versión publicada</subfield>
  </datafield>
  <datafield tag="856" ind1="4" ind2=" ">
    <subfield code="s">1403286</subfield>
    <subfield code="u">http://zaguan.unizar.es/record/112175/files/texto_completo.jpg?subformat=icon</subfield>
    <subfield code="x">icon</subfield>
    <subfield code="y">Versión publicada</subfield>
  </datafield>
  <datafield tag="909" ind1="C" ind2="O">
    <subfield code="o">oai:zaguan.unizar.es:112175</subfield>
    <subfield code="p">articulos</subfield>
    <subfield code="p">driver</subfield>
  </datafield>
  <datafield tag="951" ind1=" " ind2=" ">
    <subfield code="a">2022-05-03-12:28:41</subfield>
  </datafield>
  <datafield tag="980" ind1=" " ind2=" ">
    <subfield code="a">ARTICLE</subfield>
  </datafield>
</record>
</collection>